• 首页
  • 本馆介绍
  • 公告通知
  • 最新文献
  • 馆藏检索
  • 电子资源
  • 读者导购
  • 参考咨询
  • 我的图书馆
  • 登录
  • 详细信息显示
  • 放入我的书架
  • 预约/预借图书
  • 作者相关作品
  • 分类相关作品
  • 丛书相关作品
  • 出版社相关作品

书目信息

  • 表格格式
  • 工作单格式
  • 卡片格式
题名:
生态恢复的原理与实践
    
 
作者: 李洪远 , 莫训强 主编
分册:  
出版信息: 北京   化学工业出版社  2016.7
页数: 323页
开本: 26cm
丛书名:
单 册:
中图分类: Q148
科图分类:
主题词: 生态系生态学
电子资源:
ISBN: 978-7-122-26183-0
000 01177nam0 2200253 450
001 0400003183
005 20171026093141.42
010    @a978-7-122-26183-0@dCNY78.00
100    @a20160623d2016 em y0chiy50 ea
101 0  @achi
102    @aCN@b110000
105    @aa z 000yy
106    @ar
200 1  @a生态恢复的原理与实践@9sheng tai hui fu de yuan li yu shi jian@f李洪远,莫训强主编
205    @a第2版
210    @a北京@c化学工业出版社@d2016.7
215    @a323页@c图@d26cm
330    @a本书在参考丰富的国内外生态恢复文献的基础上,系统介绍了退化生态系统恢复的理论方法与国内外实践案例。全书分上、下两篇,上篇包括第1~第10章,系统介绍了退化生态系统的形成、类型与特征,全球退化生态系统恢复状况,生态恢复的基本理论以及森林生态系统、水域生态系统、湿地生态系统、草地生态系统、海洋与海岸带生态系统、废弃地、路域生态系统、城市自然生态恢复等主要生态系统类型恢复的原理和技术方法。下篇包括第11~第18章,按照以上生态系统类型,分别选取国内外典型生态恢复案例作了详细的介绍。
606 0  @a生态系生态学
690    @aQ148@v5
701  0 @a李洪远@9li hong yuan@4主编
701  0 @a莫训强@9mo xun qiang@4主编
801  0 @aCN@b91MARC@c20171021
905    @b1033456-60@dQ148@f5@e220=2
    
    生态恢复的原理与实践/李洪远,莫训强主编.-第2版.-北京:化学工业出版社,2016.7
    323页:图;26cm
    
    
    ISBN 978-7-122-26183-0:CNY78.00
    本书在参考丰富的国内外生态恢复文献的基础上,系统介绍了退化生态系统恢复的理论方法与国内外实践案例。全书分上、下两篇,上篇包括第1~第10章,系统介绍了退化生态系统的形成、类型与特征,全球退化生态系统恢复状况,生态恢复的基本理论以及森林生态系统、水域生态系统、湿地生态系统、草地生态系统、海洋与海岸带生态系统、废弃地、路域生态系统、城市自然生态恢复等主要生态系统类型恢复的原理和技术方法。下篇包括第11~第18章,按照以上生态系统类型,分别选取国内外典型生态恢复案例作了详细的介绍。
●
相关链接 在E读中查询图书 在五车中查询图书 在当当中查询图书 在豆瓣中查询图书


正题名:生态恢复的原理与实践     索取号:Q148/220=2         预约/预借

序号 登录号 条形码 馆藏地/架位号 状态 备注
1 1033456   210334565   第二样本阅览室/ [索取号:Q148/220=2] 在馆    
2 1033457   210334574   第三借阅区/ [索取号:Q148/220=2] 在馆    
3 1033458   210334583   第三借阅区/ [索取号:Q148/220=2] 在馆    
4 1033459   210334592   第三借阅区/ [索取号:Q148/220=2] 在馆    
5 1033460   210334609   密集书库-生命科学系/ [索取号:Q148/220=2] 在馆    
唐山师范学院图书馆 欢迎您!
大连网信软件有限公司© 版权所有